Sports Quiz

Random Sports or NBA Quiz

2010-2011 NBA Awards Voting Quiz Stats

 Plays Quiz not verified by Sporcle

Score 0/89 Timer 10:00
0 Plays Today
Award Player % Correct
Most Valuable PlayerLeBron James
99.4%
Defensive Player of the YearLeBron James
99.4%
Most Valuable PlayerDerrick Rose
98.8%
Most Valuable PlayerDwight Howard
98.8%
Most Valuable PlayerKobe Bryant
98.8%
Most Valuable PlayerKevin Durant
98.8%
Defensive Player of the YearDwight Howard
98.8%
Defensive Player of the YearKobe Bryant
98.8%
Most Improved PlayerDerrick Rose
98.8%
Most Valuable PlayerDwyane Wade
98.1%
Defensive Player of the YearDwyane Wade
98.1%
Most Valuable PlayerDirk Nowitzki
97.8%
Most Valuable PlayerBlake Griffin
97.8%
Rookie of the YearBlake Griffin
97.8%
Most Valuable PlayerChris Paul
97.5%
Defensive Player of the YearChris Paul
97.5%
Most Valuable PlayerRajon Rondo
97.2%
Most Valuable PlayerTony Parker
97.2%
Defensive Player of the YearRajon Rondo
97.2%
Rookie of the YearJohn Wall
96.3%
Defensive Player of the YearKevin Garnett
96%
Most Valuable PlayerAmar'e Stoudemire
95%
Most Improved PlayerAmar'e Stoudemire
95%
Most Valuable PlayerManu Ginobili
94.7%
Defensive Player of the YearTim Duncan
94.7%
Defensive Player of the YearTyson Chandler
89.1%
Most Improved PlayerTyson Chandler
89.1%
Sixth Man of the YearLamar Odom
87.5%
Most Improved PlayerKevin Love
87.5%
Rookie of the YearDeMarcus Cousins
86.9%
Award Player % Correct
Sixth Man of the YearJason Terry
86%
Defensive Player of the YearTony Allen
85.7%
Sixth Man of the YearTony Allen
85.7%
Most Improved PlayerTony Allen
85.7%
Defensive Player of the YearJoakim Noah
83.5%
Defensive Player of the YearAndrew Bogut
82.2%
Most Improved PlayerLaMarcus Aldridge
80.7%
Defensive Player of the YearSerge Ibaka
79.8%
Sixth Man of the YearJames Harden
79.8%
Most Improved PlayerSerge Ibaka
79.8%
Most Improved PlayerJames Harden
79.8%
Most Improved PlayerRussell Westbrook
78.2%
Defensive Player of the YearLuol Deng
77.9%
Most Improved PlayerLuol Deng
77.9%
Defensive Player of the YearAndre Iguodala
77.6%
Rookie of the YearGreg Monroe
72.9%
Defensive Player of the YearJosh Smith
71.3%
Sixth Man of the YearJR Smith
71.3%
Rookie of the YearLandry Fields
70.7%
Defensive Player of the YearGrant Hill
67.9%
Sixth Man of the YearGeorge Hill
67.6%
Defensive Player of the YearAndrew Bynum
67.3%
Sixth Man of the YearMarcin Gortat
63.9%
Most Improved PlayerMarcin Gortat
63.9%
Defensive Player of the YearGerald Wallace
63.2%
Defensive Player of the YearMetta World Peace
62.3%
Sixth Man of the YearOJ Mayo
59.8%
Most Improved PlayerMike Conley Jr
59.2%
Most Improved PlayerKyle Lowry
57.9%
Most Improved PlayerNick Young
57.9%
Award Player % Correct
Sixth Man of the YearThaddeus Young
57.6%
Sixth Man of the YearJamal Crawford
57.6%
Most Improved PlayerThaddeus Young
57.6%
Defensive Player of the YearKenyon Martin
57%
Sixth Man of the YearGlen Davis
56.4%
Most Improved PlayerRoy Hibbert
56.4%
Defensive Player of the YearJaVale McGee
53.9%
Most Improved PlayerJrue Holiday
52.6%
Sixth Man of the YearTy Lawson
50.8%
Most Improved PlayerElton Brand
48.9%
Most Improved PlayerDeAndre Jordan
48.6%
Most Improved PlayerDeMar DeRozan
47.4%
Most Improved PlayerDorell Wright
47%
Rookie of the YearGary Neal
46.7%
Most Improved PlayerEric Gordon
45.2%
Most Improved PlayerWesley Matthews
44.5%
Most Improved PlayerKris Humphries
43.3%
Defensive Player of the YearThabo Sefolosha
43%
Most Improved PlayerArron Afflalo
35.2%
Most Improved PlayerMichael Beasley
33.3%
Defensive Player of the YearKeith Bogans
32.4%
Most Improved PlayerTyler Hansbrough
31.8%
Sixth Man of the YearToney Douglas
30.5%
Most Improved PlayerDJ Augustin
29.9%
Sixth Man of the YearMatt Bonner
28.7%
Defensive Player of the YearChuck Hayes
28.3%
Most Improved PlayerJared Dudley
28.3%
Most Improved PlayerJodie Meeks
24.6%
Most Improved PlayerDarrell Arthur
20.2%

You're not logged in!

Compare scores with friends on all Sporcle quizzes.
OR
Log In

Show Comments

Extras

Top Quizzes Today


Score Distribution

Your Account Isn't Verified!

In order to create a playlist on Sporcle, you need to verify the email address you used during registration. Go to your Sporcle Settings to finish the process.

Report this User

Report this user for behavior that violates our Community Guidelines.

Details: